Statistics for Standardized Test Acronyms Quiz

Click here to take the quiz!

General Stats

  • This quiz has been taken 94 times
  • The average score is 2 of 7

Answer Stats

Hint Answer % Correct
GREGraduate Record Examination
49%
ACTAmerican College Test
43%
LSATLaw School Admission Test
39%
TOEFLTest of English as Foreign Language
29%
MCATMedical College Admission Test
27%
SATScholastic Achievement Test
18%
GMATGraduate Management Admission Test
16%

Score Distribution

Percentile by Number Answered

Percent of People with Each Score

Your Score History

You have not taken this quiz